| 000 | 00616nam a2200157Ia 4500 | ||
|---|---|---|---|
| 003 | SGT | ||
| 020 | _a9788120308688 | ||
| 082 |
_a6.31 _bKOS |
||
| 100 | _aKosko, Bart | ||
| 245 | _aNeural networks and fuzzy systems : a dynamical systems approach to machine intelligence | ||
| 260 |
_bPHI Learning Private Limited _aNew Delhi _c1992 |
||
| 300 | _a449p. | ||
| 650 | _aCOMPUTER SCIENCE | ||
| 653 | _aNEURAL NETWORK AND FIZZY SYSTEMS,NEURONAL DYNAMICS I ACTIVATIONS AND SIGNALS,NEURONAL DYNAMICS ACTIVATION MODELS,ARCHITECTURES AND EQUILIBRIA,FUZZINESS VERSUS PROBABILITY,FUZZY ASSOCIATIVE MEMORIES, | ||
| 942 |
_2ddc _cBK |
||
| 999 |
_c5349 _d5349 |
||